Българската православна църква и римокатолическите мисии в България 1860 - 30-те години на ХХ век (Запис номер 77380)
[ съкратено ]
| 000 -Лидер | |
|---|---|
| Контролно поле с фиксирана дължина | 01872nam a2200397 c 4500 |
| 003 - Код на организацията, давaща контролен номер | |
| Контролно поле | BLK |
| 005 - Дата и час на последна редакция | |
| Контролно поле | 20210315151521.0 |
| 008 - Елементи от данни с фиксирана дължина | |
| fixed length control field | 180408b bul|||||r ||||||| ||bul|| |
| 010 ## - Наследен системен номер | |
| LC control number | KNG00081835000 |
| 020 ## - Международен стандартен номер на книга ISBN | |
| Международен стандартен номер на книга ISBN | 978-954-577-390-7 |
| -- | издат.: Унив. изд. Епископ Константин Преславски |
| 040 ## - Източник на каталожния запис | |
| Идентификатор на билиотеката - собственик на записа | BLK |
| 041 ## - Код за език | |
| Код за езика на текст/звукозапис или на отделно заглавие | Български |
| Код за езика КДБФ | Български |
| 080 ## - УДК | |
| Текстов определител УДК | Римокатолическа църква |
| УДК код - определител по УДК | 282 |
| УДК определител | (497.2)(091) |
| УДК - код + определител | 282(497.2)(091) |
| 080 ## - УДК | |
| Текстов определител УДК | Българска православна църква |
| УДК код - определител по УДК | 281.962 |
| УДК определител | (091) |
| УДК - код + определител | 281.962(091) |
| 100 1# - Редна дума - Автор | |
| Автор | Ваташки, Атанас Руменов |
| R(LIN) | 284153 |
| 139 ## - Редно поле | |
| Редна дума | Ваташки, Румен Атанасов |
| Авторски знак | Ват - В 28 |
| 245 10 - Сведения за заглавието | |
| Заглавие | Българската православна църква и римокатолическите мисии в България 1860 - 30-те години на ХХ век |
| Подзаглавни данни | Църковно-ист. изследване |
| Редно поле (дума) | Румен Атанасов Ваташки. |
| 250 ## - Област на изданието | |
| Сведения за изданието | 2. доп. и прераб. изд. |
| 257 ## - Страна на издаване | |
| Страна на създаване/издаване | България |
| 260 ## - Област на издателските данни | |
| -- | Шумен |
| Име на издателя, разпространителя и проч. | Унив. изд. Епископ Константин Преславски |
| Година на издаване | 2007 |
| 300 ## - Физическа характеристика | |
| Страници | 516 с. |
| Размери/Мащаб | 24 см |
| 380 ## - Жанр | |
| Жанр | Религия. Теология |
| 500 ## - Общи забележки | |
| Забележка | 1. изд. 2005. - Библиогр. с. 392-455 ; Именен показалец, геогр. показалец. |
| 504 ## - Забележка за наличие на библиография и др | |
| Забележка за наличие на библиография и под. | 392-455 |
| 650 #4 - Допълнително описание по предмет – тема | |
| Основно описание – тема или топоним | Католическа църква - пропаганда |
| 9 (RLIN) | 278902 |
| 650 #4 - Допълнително описание по предмет – тема | |
| Основно описание – тема или топоним | Източноправославна църква - България |
| 9 (RLIN) | 270106 |
| 651 #4 - Допълнително описание по предмет - топоним | |
| Географско понятие | България |
| 9 (RLIN) | 241624 |
| 653 ## - Ключова дума – ненормативна | |
| Ключова дума | католическа църква |
| 653 ## - Ключова дума – ненормативна | |
| Ключова дума | православна църква |
| 653 ## - Ключова дума – ненормативна | |
| Ключова дума | история |
| 852 ## - Местоположение | |
| Форматна сигнатура | Цб 238654 |
| 856 4# - Електронен адрес и достъп | |
| Електронен формат | pdf - файл |
| Път до файла /url/ | |
| 856 4# - Електронен адрес и достъп | |
| Електронен формат | pdf - файл |
| Път до файла /url/ | |
| 942 ## - АРТИКУЛИ | |
| Вид на библиотечния материал | Книги |
| Скрит в OPAC | Не |
| Koha issues (borrowed), all copies | 1 |
| 944 ## - СЪЗДАВАНЕ И РЕДАКЦИЯ на ЗАПИСА | |
| Създаване/Редакция | Създаване |
| Дата на регистрацията/редакция | 26.02.2008 |
| Служител, извършил регистрацията/редакцията | Наталия_Медовщикова |
| 944 ## - СЪЗДАВАНЕ И РЕДАКЦИЯ на ЗАПИСА | |
| Създаване/Редакция | Редакция |
| Дата на регистрацията/редакция | 13.01.2009 |
| Служител, извършил регистрацията/редакцията | |
| 999 ## - СИСТЕМНИ КОНТРОЛНИ НОМЕРА | |
| Koha biblionumber | 77380 |
| Koha biblioitemnumber | 77380 |
| Код за отписване | Код за изгубен артикул | Код за повреда | Коз за рестрикции | Код за отдаване | Артикулен № | Име на библиотеката - собственик | Име на библиотеката, в която се намира в момента | Статус (Текущо местоположение) | Дата на вписване в системата | Местоположение - отдел | Цена в лева | Инвентарен номер | Систематично азбучна сигнатура | Баркод | Номер на екземпляра | Цена в евро | Служебна бележка | Служебен тип на артикула |
|---|---|---|---|---|---|---|---|---|---|---|---|---|---|---|---|---|---|---|
| Не е изгубен | Не е повреден | без рестрикции | ползва се в читалня | 125376 | Регионална библиотека "Любен Каравелов" Русе | Регионална библиотека "Любен Каравелов" Русе | Хранилище | 2008-02-27 | Хранилище | 0.00 | 120000723897 | Цб 238654 | 120000723897 | 1 | 0.00 | Дост: Dp Вид: Д N: 50 Дата: 22.11.2007 | Книги |